[Event "DSJ Weihnachtsturnier U16: Steinitz 2020"]
[Site ""]
[Date "2020.12.28"]
[Round "5"]
[White "Wunsch, Louis"]
[Black "Hommel, Niclas"]
[Result "0-1"]
[Termination "normal"]
[Board "9.1"]
[WhiteElo "1649"]
[BlackElo "2062"]
[WhiteTeam "SG Rochade Kuppenheim 1979"]
[BlackTeam "TSG Oberschöneweide"]
[PlyCount "62"]
[WhiteFideId "34635777"]
[BlackFideId "12974927"]
[EventRounds "7"]
[EventType "team-swiss"]
[EventDate "2020.12.28"]

1. e4 {[%emt 0:00:11]} c5 {[%emt 0:00:01]} 2. Nf3 {[%emt 0:00:04]} d6 {[%emt
0:00:01]} 3. d4 {[%emt 0:00:09]} cxd4 {[%emt 0:00:01]} 4. Nxd4 {[%emt 0:00:00]}
Nf6 {[%emt 0:00:02]} 5. Nc3 {[%emt 0:00:21]} Nc6 {[%emt 0:00:02]} 6. Be3 {
[%emt 0:00:13]} e5 {[%emt 0:00:02]} 7. Ndb5 {[%emt 0:00:21]} a6 {[%emt 0:00:04]
} 8. Na3 {[%emt 0:00:09]} b5 {[%emt 0:00:11]} 9. Nd5 {[%emt 0:00:32]} Rb8 {
[%emt 0:00:39]} 10. Bd3 {[%emt 0:00:41]} Nxd5 {[%emt 0:00:08]} 11. exd5 { [%emt
0:00:00]} Ne7 {[%emt 0:00:07]} 12. O-O {[%emt 0:00:23]} g6 {[%emt 0:00:10]} 13.
c4 {[%emt 0:00:47]} b4 {[%emt 0:00:16]} 14. Nc2 {[%emt 0:00:05]} Bg7 { [%emt
0:00:03]} 15. Qd2 {[%emt 0:01:12]} a5 {[%emt 0:00:07]} 16. Rad1 {[%emt
0:01:20]} O-O {[%emt 0:00:05]} 17. Bh6 {[%emt 0:00:16]} f5 {[%emt 0:00:08]} 18.
Bxg7 {[%emt 0:00:07]} Kxg7 {[%emt 0:00:02]} 19. b3 {[%emt 0:00:04]} f4 { [%emt
0:00:49]} 20. Rfe1 {[%emt 0:00:12]} f3 {[%emt 0:00:09]} 21. Ne3 {[%emt
0:00:28]} fxg2 {[%emt 0:00:10]} 22. Nxg2 {[%emt 0:00:00]} Bg4 {[%emt 0:00:25]}
23. Rc1 {[%emt 0:00:19]} Qd7 {[%emt 0:00:06]} 24. Kh1 {[%emt 0:00:30]} Bf3 {
[%emt 0:00:04]} 25. Qg5 {[%emt 0:00:16]} Nf5 {[%emt 0:00:24]} 26. Be2 {[%emt
0:00:17]} h6 {[%emt 0:00:16]} 27. Qd2 {[%emt 0:00:16]} Nh4 {[%emt 0:00:07]} 28.
Bxf3 {[%emt 0:00:53]} Nxf3 {[%emt 0:00:02]} 29. Qe3 {[%emt 0:00:09]} Qh3 {
[%emt 0:00:04]} 30. Qa7+ {[%emt 0:00:08]} Kh8 {[%emt 0:00:06]} 31. Qxb8 { [%emt
0:00:30]} Qxh2# {[%emt 0:00:03]} 0-1

[Event "DSJ Weihnachtsturnier U16: Steinitz 2020"]
[Site ""]
[Date "2020.12.28"]
[Round "5"]
[White "Nguyen, Phuc Nhat"]
[Black "Gottwald, Patrick"]
[Result "1-0"]
[Termination "normal"]
[Board "9.2"]
[WhiteElo "1639"]
[BlackElo "1526"]
[WhiteTeam "TSG Oberschöneweide"]
[BlackTeam "SG Rochade Kuppenheim 1979"]
[PlyCount "97"]
[WhiteFideId "16253590"]
[BlackFideId "34645969"]
[EventRounds "7"]
[EventType "team-swiss"]
[EventDate "2020.12.28"]

1. e4 {[%emt 0:01:14]} c6 {[%emt 0:00:03] Obersch2-002 kibitzing!?} 2. Nf3
{[%emt 0:00:47]} d5 {[%emt 0:00:06]} 3. exd5 { [%emt 0:00:00] Obersch2-002
received Ill MvData=3. d7-d5 (593cs)} cxd5 { [%emt 0:00:01] Obersch2-002
kibitzing!?} 4. d4 {[%emt 0:00:05]} Nf6 {[%emt 0:00:09] Obersch2-002
kibitzing!?} 5. Bd3 {[%emt 0:00:03]} Nc6 {[%emt 0:00:04] Obersch2-002
kibitzing!?} 6. Bf4 {[%emt 0:00:10]} Bg4 {[%emt 0:00:07] Obersch2-002
kibitzing!?} 7. Nbd2 {[%emt 0:00:03]} e6 {[%emt 0:00:04] Obersch2-002
kibitzing!?} 8. c3 {[%emt 0:00:12]} Bd6 {[%emt 0:00:05] Obersch2-002
kibitzing!?} 9. Bxd6 {[%emt 0:00:05]} Qxd6 {[%emt 0:00:00]} 10. O-O {[%emt
0:00:01] Obersch2-002 kibitzing!?} O-O {[%emt 0:00:13]} 11. Qb1 { [%emt
0:00:02] Obersch2-002 kibitzing!? Obersch2-002 reconnected.} Qf4 { [%emt
0:00:34] Obersch2-002 kibitzing!?} 12. h3 {[%emt 0:00:27]} Bh5 {[%emt 0:00:31]
Obersch2-002 kibitzing!?} 13. Re1 {[%emt 0:00:11]} Ne7 {[%emt 0:00:41]
Obersch2-002 kibitzing!?} 14. Re3 {[%emt 0:01:15]} Ng6 {[%emt 0:00:36]
Obersch2-002 kibitzing!?} 15. g4 {[%emt 0:00:47]} Bxg4 {[%emt 0:00:23]
Obersch2-002 kibitzing!?} 16. hxg4 {[%emt 0:00:02]} Qxg4+ {[%emt 0:00:15]
Obersch2-002 kibitzing!?} 17. Kf1 {[%emt 0:00:05]} Qh3+ {[%emt 0:00:11]
Obersch2-002 kibitzing!?} 18. Ke1 {[%emt 0:00:05]} Qh1+ {[%emt 0:00:10]
Obersch2-002 kibitzing!?} 19. Nf1 {[%emt 0:00:30]} Ng4 {[%emt 0:00:27]
Obersch2-002 kibitzing!?} 20. Bxg6 {[%emt 0:00:19]} Nxe3 {[%emt 0:00:19]
Obersch2-002 kibitzing!?} 21. Bxh7+ {[%emt 0:00:06]} Qxh7 {[%emt 0:00:55]
Obersch2-002 kibitzing!?} 22. Qxh7+ {[%emt 0:00:17]} Kxh7 {[%emt 0:00:00]
Obersch2-002 kibitzing!?} 23. fxe3 {[%emt 0:00:03]} Rh8 {[%emt 0:00:27]
Obersch2-002 kibitzing!?} 24. Kf2 {[%emt 0:00:16]} Kg8 {[%emt 0:00:06]
Obersch2-002 kibitzing!?} 25. Ng3 {[%emt 0:00:08]} Rc8 {[%emt 0:00:12]
Obersch2-002 kibitzing!?} 26. e4 {[%emt 0:00:06]} dxe4 {[%emt 0:00:08]} 27.
Nxe4 {[%emt 0:00:00] Obersch2-002 kibitzing!?} Rh6 {[%emt 0:00:20] Obersch2-002
kibitzing!?} 28. Rg1 {[%emt 0:00:03]} Rc6 {[%emt 0:00:13] Obersch2-002
kibitzing!?} 29. Ne5 {[%emt 0:00:07]} Rb6 {[%emt 0:00:09] Obersch2-002
kibitzing!?} 30. Nd3 {[%emt 0:00:12]} Rh2+ {[%emt 0:00:10] Obersch2-002
kibitzing!?} 31. Rg2 {[%emt 0:00:02]} Rh3 {[%emt 0:00:20] Obersch2-002
kibitzing!?} 32. Ke2 {[%emt 0:00:10]} Ra6 {[%emt 0:00:18]} 33. a3 {[%emt
0:00:01] Obersch2-002 : My a2a3 repeat. Kuppenhm002 kibitzing!?} Rc6 { [%emt
0:00:21] Obersch2-002 kibitzing!?} 34. Ne5 {[%emt 0:00:15]} Rb6 {[%emt 0:00:22]
Obersch2-002 kibitzing!?} 35. Nd3 {[%emt 0:00:13]} a5 {[%emt 0:00:10]
Obersch2-002 kibitzing!?} 36. Nf6+ {[%emt 0:00:06]} Kh8 {[%emt 0:00:09]
Obersch2-002 kibitzing!?} 37. Nd7 {[%emt 0:00:09]} Rd6 {[%emt 0:00:19]
Obersch2-002 kibitzing!?} 38. N7c5 {[%emt 0:00:48]} b6 {[%emt 0:00:18]
Obersch2-002 kibitzing!?} 39. Ne4 {[%emt 0:00:07]} Rd5 {[%emt 0:00:16]
Obersch2-002 kibitzing!?} 40. Rf2 {[%emt 0:00:04]} Kg8 {[%emt 0:00:11]
Obersch2-002 kibitzing!?} 41. Rg2 {[%emt 0:00:04]} Kf8 {[%emt 0:00:04]
Obersch2-002 kibitzing!?} 42. Rf2 {[%emt 0:00:17]} f5 {[%emt 0:00:14]
Obersch2-002 kibitzing!?} 43. Ng5 {[%emt 0:00:04]} Rh6 {[%emt 0:00:06]
Obersch2-002 kibitzing!?} 44. Nf4 {[%emt 0:00:04]} Rb5 {[%emt 0:00:06]
Obersch2-002 kibitzing!?} 45. Nfxe6+ {[%emt 0:00:32]} Kg8 {[%emt 0:00:15]
Obersch2-002 kibitzing!?} 46. Kd3 {[%emt 0:00:09]} g6 {[%emt 0:00:08]
Obersch2-002 kibitzing!?} 47. Nf4 {[%emt 0:00:06]} Kg7 {[%emt 0:00:07]} 48. Kc4
{[%emt 0:00:02] Obersch2-002 received Ill MvData=93. g8-g7 (723cs)} Rh4 { [%emt
0:00:07] Obersch2-002 kibitzing!?} 49. Kxb5 {[%emt 0:00:13]} 1-0

[Event "DSJ Weihnachtsturnier U16: Steinitz 2020"]
[Site ""]
[Date "2020.12.28"]
[Round "5"]
[White "Wieser, Rouven"]
[Black "Nguyen, Tung Phong"]
[Result "0-1"]
[Termination "normal"]
[Board "9.3"]
[WhiteElo "1238"]
[BlackElo "1375"]
[WhiteTeam "SG Rochade Kuppenheim 1979"]
[BlackTeam "TSG Oberschöneweide"]
[PlyCount "75"]
[WhiteFideId "34608761"]
[BlackFideId "16228855"]
[EventRounds "7"]
[EventType "team-swiss"]
[EventDate "2020.12.28"]

1. e4 {[%emt 0:00:07]} e5 {[%emt 0:00:06]} 2. Nf3 {[%emt 0:00:02]} Nc6 { [%emt
0:00:04]} 3. Bc4 {[%emt 0:00:03]} Bc5 {[%emt 0:00:12]} 4. b4 {[%emt 0:00:06]}
Bxb4 {[%emt 0:00:05]} 5. c3 {[%emt 0:00:02]} Be7 {[%emt 0:00:16]} 6. d4 { [%emt
0:00:02]} Na5 {[%emt 0:00:08]} 7. Bd5 {[%emt 0:00:09]} c6 {[%emt 0:00:17] } 8.
Bb3 {[%emt 0:00:02]} Nxb3 {[%emt 0:00:11]} 9. Qxb3 {[%emt 0:00:02]} exd4 {
[%emt 0:00:08]} 10. cxd4 {[%emt 0:00:04]} Nf6 {[%emt 0:00:19]} 11. Ne5 { [%emt
0:00:08]} O-O {[%emt 0:00:14]} 12. Nd2 {[%emt 0:00:08]} d6 {[%emt 0:00:22]} 13.
Nef3 {[%emt 0:00:05]} d5 {[%emt 0:00:26]} 14. e5 {[%emt 0:00:09]} Ne4 {[%emt
0:00:03]} 15. Nxe4 {[%emt 0:00:02]} dxe4 {[%emt 0:00:08]} 16. Nd2 { [%emt
0:00:01]} Qxd4 {[%emt 0:00:07]} 17. Bb2 {[%emt 0:00:05]} Qd3 {[%emt 0:00:10]}
18. Bc3 {[%emt 0:00:41]} Be6 {[%emt 0:00:15]} 19. Qb2 {[%emt 0:00:03]} e3
{[%emt 0:00:55]} 20. fxe3 {[%emt 0:00:06]} Qxe3+ {[%emt 0:00:02]} 21. Kd1 {
[%emt 0:00:02]} Bg4+ {[%emt 0:00:07]} 22. Kc1 {[%emt 0:00:03]} Bg5 {[%emt
0:00:07]} 23. h3 {[%emt 0:00:08]} Bf5 {[%emt 0:00:06]} 24. g4 {[%emt 0:00:04]}
Bg6 { [%emt 0:00:06]} 25. h4 {[%emt 0:00:02]} Bf4 {[%emt 0:00:11]} 26. h5
{[%emt 0:00:04]} Bd3 {[%emt 0:00:09]} 27. Bd4 {[%emt 0:00:03]} Qe4 {[%emt
0:00:12]} 28. Qc3 {[%emt 0:00:13]} Qxh1+ {[%emt 0:00:11]} 29. Kb2 {[%emt
0:00:04]} Qh3 { [%emt 0:00:16]} 30. Ne4 {[%emt 0:00:16]} Qg2+ {[%emt 0:00:09]}
31. Nf2 { [%emt 0:00:03]} Bg3 {[%emt 0:00:13]} 32. Qxd3 {[%emt 0:00:58]} Bxf2
{[%emt 0:00:07]} 33. Kb3 {[%emt 0:00:06]} Rad8 {[%emt 0:00:11]} 34. g5 {[%emt
0:00:04]} Rxd4 {[%emt 0:00:13]} 35. Qe2 {[%emt 0:00:08]} Qd5+ {[%emt 0:00:14]}
36. Kb2 { [%emt 0:00:05]} Rd2+ {[%emt 0:00:04]} 37. Qxd2 {[%emt 0:00:04]} Qxd2+
{[%emt 0:00:00]} 38. Kb3 {[%emt 0:00:02] Kuppenhm003 offers a draw} 0-1

[Event "DSJ Weihnachtsturnier U16: Steinitz 2020"]
[Site ""]
[Date "2020.12.28"]
[Round "5"]
[White "Vetter, Samuel Kai"]
[Black "Kraus, Joel"]
[Result "0-1"]
[Termination "normal"]
[Board "9.4"]
[WhiteElo "1214"]
[BlackElo "1291"]
[WhiteTeam "TSG Oberschöneweide"]
[BlackTeam "SG Rochade Kuppenheim 1979"]
[PlyCount "46"]
[WhiteFideId "34658831"]
[EventRounds "7"]
[EventType "team-swiss"]
[EventDate "2020.12.28"]

1. c4 {[%emt 0:00:13]} e5 {[%emt 0:00:05]} 2. Nc3 {[%emt 0:00:02]} Nf6 { [%emt
0:00:06]} 3. g3 {[%emt 0:00:03]} Nc6 {[%emt 0:00:05]} 4. Bg2 {[%emt 0:00:03]}
Bc5 {[%emt 0:00:14]} 5. e3 {[%emt 0:00:06]} O-O {[%emt 0:00:06]} 6. Nge2 {
[%emt 0:00:04]} Re8 {[%emt 0:00:21]} 7. O-O {[%emt 0:00:06]} d6 {[%emt 0:00:09]
} 8. d4 {[%emt 0:00:09]} exd4 {[%emt 0:00:23]} 9. exd4 {[%emt 0:00:00]} Bb6 {
[%emt 0:00:11]} 10. a3 {[%emt 0:00:26]} Bg4 {[%emt 0:00:14]} 11. h3 {[%emt
0:01:49]} Bh5 {[%emt 0:00:18]} 12. g4 {[%emt 0:00:11]} Nxg4 {[%emt 0:00:19]}
13. hxg4 {[%emt 0:00:00]} Bxg4 {[%emt 0:00:02]} 14. f3 {[%emt 0:00:18]} Bh5 {
[%emt 0:00:23]} 15. Nd5 {[%emt 0:00:43]} Qh4 {[%emt 0:00:34]} 16. Nxb6 { [%emt
0:00:23]} axb6 {[%emt 0:00:11]} 17. d5 {[%emt 0:00:47]} Ne5 {[%emt 0:00:21]}
18. f4 {[%emt 0:00:46]} Nxc4 {[%emt 0:00:13]} 19. Bf3 {[%emt 0:00:51]} Ne3
{[%emt 0:00:42]} 20. Bxe3 {[%emt 0:00:08]} Rxe3 {[%emt 0:00:04]} 21. Bxh5 {
[%emt 0:00:39]} Qxh5 {[%emt 0:00:03]} 22. Kf2 {[%emt 0:00:29]} Rae8 {[%emt
0:00:39]} 23. Ng3 {[%emt 0:00:29]} Qh2# {[%emt 0:00:08]} 0-1

[Event "DSJ Weihnachtsturnier U16: Steinitz 2020"]
[Site ""]
[Date "2020.12.28"]
[Round "5"]
[White "Neumeyer, Luka"]
[Black "von Beckh, Frieda"]
[Result "0-1"]
[Termination "normal"]
[Board "10.4"]
[WhiteElo "799"]
[BlackElo "1590"]
[WhiteTeam "TSV Solln"]
[BlackTeam "SK Bad Homburg 1927"]
[PlyCount "84"]
[BlackFideId "16233751"]
[EventRounds "7"]
[EventType "team-swiss"]
[EventDate "2020.12.28"]

1. e4 {[%emt 0:00:04]} c5 {[%emt 0:00:11]} 2. Nc3 {[%emt 0:00:10]} Nc6 { [%emt
0:00:09]} 3. Bb5 {[%emt 0:00:10]} a6 {[%emt 0:00:11]} 4. Bxc6 {[%emt 0:00:04]}
bxc6 {[%emt 0:00:05]} 5. Nf3 {[%emt 0:00:10]} d5 {[%emt 0:00:05]} 6. exd5
{[%emt 0:00:18]} cxd5 {[%emt 0:00:04]} 7. d4 {[%emt 0:00:09]} e6 {[%emt
0:00:18]} 8. dxc5 {[%emt 0:00:04]} Bxc5 {[%emt 0:00:07]} 9. a3 {[%emt 0:00:05]}
Nf6 {[%emt 0:00:09]} 10. Bg5 {[%emt 0:00:07]} O-O {[%emt 0:00:09]} 11. Bxf6 {
[%emt 0:00:02]} Qxf6 {[%emt 0:00:06]} 12. Qd3 {[%emt 0:00:14]} Bb7 {[%emt
0:00:17]} 13. b4 {[%emt 0:00:04]} Bb6 {[%emt 0:00:16]} 14. O-O {[%emt 0:00:05]}
d4 { [%emt 0:00:09]} 15. Ne4 {[%emt 0:00:17]} Qf4 {[%emt 0:00:40]} 16. Nc5
{[%emt 0:00:23]} Bxf3 {[%emt 0:00:45]} 17. gxf3 {[%emt 0:00:11]} Qg5+ {[%emt
0:00:30]} 18. Kh1 {[%emt 0:00:05]} Bxc5 {[%emt 0:00:05]} 19. bxc5 {[%emt
0:00:04]} Qxc5 { [%emt 0:00:03]} 20. Rg1 {[%emt 0:00:11]} Rfc8 {[%emt 0:00:37]}
21. Rac1 { [%emt 0:00:20]} Qd5 {[%emt 0:00:34]} 22. Rg4 {[%emt 0:01:08]} Rc3
{[%emt 0:00:46]} 23. Qe2 {[%emt 0:00:33]} Rxf3 {[%emt 0:00:30]} 24. c4 {[%emt
0:01:06]} Qc6 {[%emt 0:01:27]} 25. Re4 {[%emt 0:00:42]} Rxf2 {[%emt 0:00:37]}
26. Qxf2 { [%emt 0:00:24]} Qxe4+ {[%emt 0:00:03]} 27. Kg1 {[%emt 0:00:05]} Rd8
{[%emt 0:00:13]} 28. Rf1 {[%emt 0:00:07]} f6 {[%emt 0:00:20]} 29. c5 {[%emt
0:00:17]} d3 {[%emt 0:00:07]} 30. Qg3 {[%emt 0:00:27]} Qd4+ {[%emt 0:00:29]}
31. Kg2 { [%emt 0:00:30]} Qxc5 {[%emt 0:00:09]} 32. Rd1 {[%emt 0:00:25]} Qc2+
{[%emt 0:00:05]} 33. Qf2 {[%emt 0:00:12]} Qxd1 {[%emt 0:00:06]} 34. Qb6 {[%emt
0:00:17]} Qe2+ {[%emt 0:00:16]} 35. Kg3 {[%emt 0:00:07]} Rc8 {[%emt 0:00:15]}
36. Qb7 { [%emt 0:00:17]} Rf8 {[%emt 0:00:11]} 37. a4 {[%emt 0:00:13]} d2
{[%emt 0:00:01] } 38. Qb1 {[%emt 0:00:17]} d1=Q {[%emt 0:00:00] '} 39. Qxd1
{[%emt 0:00:04]} Qxd1 {[%emt 0:00:02]} 40. Kf4 {[%emt 0:00:05]} Rd8 {[%emt
0:00:02]} 41. Ke4 { [%emt 0:00:05]} Qd3+ {[%emt 0:00:02]} 42. Kf4 {[%emt
0:00:04]} Rd4# {[%emt 0:00:02]} 0-1

[Event "DSJ Weihnachtsturnier U16: Steinitz 2020"]
[Site ""]
[Date "2020.12.28"]
[Round "5"]
[White "Huber, Benedikt"]
[Black "Reindl, Jork"]
[Result "1-0"]
[Termination "normal"]
[Board "11.1"]
[WhiteElo "1613"]
[BlackElo "1713"]
[WhiteTeam "SK Kelheim 1920 2"]
[BlackTeam "SF 90 Spraitbach"]
[PlyCount "71"]
[WhiteFideId "16281225"]
[BlackFideId "16200152"]
[EventRounds "7"]
[EventType "team-swiss"]
[EventDate "2020.12.28"]

1. e4 {[%emt 0:00:02]} e6 {[%emt 0:00:01]} 2. d4 {[%emt 0:00:01]} d5 {[%emt
0:00:01]} 3. Nd2 {[%emt 0:00:01]} Nf6 {[%emt 0:00:01]} 4. e5 {[%emt 0:00:01]}
Nfd7 {[%emt 0:00:00]} 5. Bd3 {[%emt 0:00:00]} c5 {[%emt 0:00:01]} 6. c3 { [%emt
0:00:01]} Nc6 {[%emt 0:00:01]} 7. Ne2 {[%emt 0:00:01]} Be7 {[%emt 0:00:01]} 8.
Nf3 {[%emt 0:00:01]} f5 {[%emt 0:00:01]} 9. exf6 {[%emt 0:00:04]} Nxf6 {[%emt
0:00:04]} 10. O-O {[%emt 0:00:01]} O-O {[%emt 0:00:03]} 11. Re1 { [%emt
0:00:06]} h6 {[%emt 0:00:33]} 12. h3 {[%emt 0:00:34]} cxd4 {[%emt 0:00:09]} 13.
Nexd4 {[%emt 0:00:02]} Nxd4 {[%emt 0:00:06]} 14. Nxd4 {[%emt 0:00:00]} Qd6
{[%emt 0:00:46]} 15. Qe2 {[%emt 0:00:10]} Kf7 {[%emt 0:00:41]} 16. b3 { [%emt
0:01:28]} Bd7 {[%emt 0:01:34]} 17. Bb2 {[%emt 0:00:18]} Rae8 {[%emt 0:00:32]}
18. c4 {[%emt 0:00:16]} Bd8 {[%emt 0:00:11]} 19. a4 {[%emt 0:00:31]} Bb6 {
[%emt 0:00:36]} 20. Nb5 {[%emt 0:00:53]} Bxb5 {[%emt 0:00:17]} 21. axb5 { [%emt
0:00:02]} Kg8 {[%emt 0:01:16]} 22. Ba3 {[%emt 0:00:11]} Bc5 {[%emt 0:00:16]}
23. Bxc5 {[%emt 0:00:22]} Qxc5 {[%emt 0:00:09]} 24. Qd2 {[%emt 0:00:03]} dxc4
{[%emt 0:00:23]} 25. Bxc4 {[%emt 0:00:13]} Nd5 {[%emt 0:00:46]} 26. Re2 { [%emt
0:01:38]} Nf4 {[%emt 0:01:07]} 27. Re4 {[%emt 0:00:31]} Qg5 {[%emt 0:00:21]}
28. Rxf4 {[%emt 0:00:46]} Qxf4 {[%emt 0:00:02]} 29. Qe2 {[%emt 0:00:07]} Qf6
{[%emt 0:00:22]} 30. Rxa7 {[%emt 0:00:32]} Re7 {[%emt 0:00:20]} 31. Ra2 { [%emt
0:00:10]} g5 {[%emt 0:00:11]} 32. Rd2 {[%emt 0:00:06]} Kg7 {[%emt 0:00:01]} 33.
Rd1 {[%emt 0:00:09]} Rfe8 {[%emt 0:00:02]} 34. Qe4 {[%emt 0:00:10]} Qf5 {[%emt
0:00:04]} 35. Qd4+ {[%emt 0:00:05]} Kg6 {[%emt 0:00:01]} 36. Bd3 { [%emt
0:00:01]} 1-0

[Event "DSJ Weihnachtsturnier U16: Steinitz 2020"]
[Site ""]
[Date "2020.12.28"]
[Round "5"]
[White "Kühn von Burgsdorff, Johannes"]
[Black "Bangsa, Citra"]
[Result "1-0"]
[Termination "normal"]
[Board "11.2"]
[WhiteElo "1568"]
[BlackElo "1398"]
[WhiteTeam "SF 90 Spraitbach"]
[BlackTeam "SK Kelheim 1920 2"]
[PlyCount "55"]
[WhiteFideId "16234960"]
[BlackFideId "34605274"]
[EventRounds "7"]
[EventType "team-swiss"]
[EventDate "2020.12.28"]

1. Nf3 {[%emt 0:00:05]} Nc6 {[%emt 0:00:07]} 2. e4 {[%emt 0:00:06]} e5 { [%emt
0:00:05]} 3. Bb5 {[%emt 0:00:01]} d6 {[%emt 0:00:02]} 4. c3 {[%emt 0:00:02]}
Bd7 {[%emt 0:00:04]} 5. d4 {[%emt 0:00:01]} exd4 {[%emt 0:00:02]} 6. cxd4
{[%emt 0:00:00]} a6 {[%emt 0:00:02]} 7. Ba4 {[%emt 0:00:02]} Nf6 {[%emt
0:00:04]} 8. O-O {[%emt 0:00:08]} Be7 {[%emt 0:00:24]} 9. Re1 {[%emt 0:00:02]}
O-O { [%emt 0:00:02]} 10. Nc3 {[%emt 0:00:01]} Re8 {[%emt 0:00:05]} 11. Bf4
{[%emt 0:00:04]} b5 {[%emt 0:00:16]} 12. Bb3 {[%emt 0:00:06]} Bg4 {[%emt
0:00:11]} 13. a4 {[%emt 0:00:26]} b4 {[%emt 0:00:16]} 14. Nd5 {[%emt 0:00:03]}
a5 {[%emt 0:01:08]} 15. Rc1 {[%emt 0:00:14]} Bxf3 {[%emt 0:00:13]} 16. gxf3
{[%emt 0:00:05] } Ra6 {[%emt 0:01:19]} 17. Qd3 {[%emt 0:00:44]} Nxd5 {[%emt
0:00:34] Kelheim4-002 offers a draw} 18. Bxd5 {[%emt 0:02:50]} Nb8 {[%emt
0:00:29]} 19. Qc4 {[%emt 0:00:05]} Rf8 {[%emt 0:01:22]} 20. Qxc7 {[%emt
0:00:13]} Qxc7 { [%emt 0:00:26]} 21. Rxc7 {[%emt 0:00:00]} Bf6 {[%emt 0:00:06]}
22. e5 {[%emt 0:00:14]} dxe5 {[%emt 0:00:05]} 23. dxe5 {[%emt 0:00:07]} Bh4
{[%emt 0:00:31]} 24. Rec1 {[%emt 0:00:38]} Rg6+ {[%emt 0:00:39]} 25. Kf1 {[%emt
0:00:04]} Na6 { [%emt 0:00:04]} 26. Rxf7 {[%emt 0:00:37]} Bg5 {[%emt 0:01:51]}
27. Rf6+ { [%emt 0:00:20]} Rf7 {[%emt 0:00:17]} 28. Rc8# {[%emt 0:00:04]} 1-0

[Event "DSJ Weihnachtsturnier U16: Steinitz 2020"]
[Site ""]
[Date "2020.12.28"]
[Round "5"]
[White "Abele, Moritz"]
[Black "Neumeier, Leonhard"]
[Result "0-1"]
[Termination "normal"]
[Board "11.4"]
[WhiteElo "766"]
[BlackElo "1028"]
[WhiteTeam "SF 90 Spraitbach"]
[BlackTeam "SK Kelheim 1920 2"]
[PlyCount "44"]
[BlackFideId "34650822"]
[EventRounds "7"]
[EventType "team-swiss"]
[EventDate "2020.12.28"]

1. e4 {[%emt 0:00:05]} e5 {[%emt 0:00:02]} 2. Bc4 {[%emt 0:00:05]} Nc6 { [%emt
0:00:02]} 3. Qf3 {[%emt 0:00:02]} Nf6 {[%emt 0:00:02]} 4. Nh3 {[%emt 0:00:02]}
Bc5 {[%emt 0:00:04]} 5. Ng5 {[%emt 0:00:04]} O-O {[%emt 0:00:03]} 6. Nc3 {[%emt
0:00:04]} d6 {[%emt 0:00:03]} 7. Nb5 {[%emt 0:00:06]} Bg4 {[%emt 0:00:04]} 8.
Qg3 {[%emt 0:00:14]} Nxe4 {[%emt 0:00:17]} 9. Qd3 {[%emt 0:00:15]} Nxg5 {[%emt
0:00:08]} 10. f3 {[%emt 0:00:06]} Be6 {[%emt 0:00:10]} 11. Bxe6 { [%emt
0:00:03]} Nxe6 {[%emt 0:00:02]} 12. Qb3 {[%emt 0:00:17]} Qh4+ {[%emt 0:00:15]}
13. g3 {[%emt 0:00:05]} Qf6 {[%emt 0:00:12]} 14. f4 {[%emt 0:00:09]} exf4
{[%emt 0:00:04]} 15. gxf4 {[%emt 0:00:04]} Qxf4 {[%emt 0:00:07]} 16. d3 { [%emt
0:00:08]} Qf2+ {[%emt 0:00:04]} 17. Kd1 {[%emt 0:00:07]} Qf3+ {[%emt 0:00:09]}
18. Ke1 {[%emt 0:00:04]} Qxh1+ {[%emt 0:00:02]} 19. Kd2 {[%emt 0:00:08] } Ncd4
{[%emt 0:00:15]} 20. Nxd4 {[%emt 0:00:05]} Nxd4 {[%emt 0:00:02]} 21. Qc3 {[%emt
0:00:15]} Qg2+ {[%emt 0:00:04]} 22. Kd1 {[%emt 0:00:07]} Qe2# {[%emt 0:00:03]}
0-1

[Event "DSJ Weihnachtsturnier U16: Steinitz 2020"]
[Site ""]
[Date "2020.12.28"]
[Round "5"]
[White "Quade, Luca"]
[Black "Schulz, Bruno Andreas"]
[Result "1-0"]
[Termination "normal"]
[Board "12.1"]
[WhiteElo "1528"]
[BlackElo "1171"]
[WhiteTeam "SF Schwerin"]
[BlackTeam "TuS Makkabi Rostock 2"]
[PlyCount "89"]
[BlackFideId "34618473"]
[EventRounds "7"]
[EventType "team-swiss"]
[EventDate "2020.12.28"]

1. e4 {[%emt 0:00:01]} c5 {[%emt 0:00:02]} 2. Nf3 {[%emt 0:00:01]} e6 {[%emt
0:00:01]} 3. d4 {[%emt 0:00:03]} cxd4 {[%emt 0:00:02]} 4. Nxd4 {[%emt 0:00:00]}
a6 {[%emt 0:00:00]} 5. Nc3 {[%emt 0:00:05]} Qc7 {[%emt 0:00:01]} 6. g3 { [%emt
0:00:08]} b5 {[%emt 0:00:01]} 7. Bf4 {[%emt 0:00:03]} e5 {[%emt 0:00:03]} 8.
Nd5 {[%emt 0:00:11]} Qd6 {[%emt 0:00:14]} 9. Nf5 {[%emt 0:00:13]} Qc5 { [%emt
0:00:19]} 10. Bxe5 {[%emt 0:00:28]} d6 {[%emt 0:00:21]} 11. Bxg7 { [%emt
0:00:16]} Bxg7 {[%emt 0:00:08]} 12. Nxg7+ {[%emt 0:00:02]} Kf8 {[%emt 0:00:16]}
13. Nf5 {[%emt 0:00:21]} Bxf5 {[%emt 0:00:12]} 14. exf5 {[%emt 0:00:03] } Nh6
{[%emt 0:00:09]} 15. b4 {[%emt 0:00:22]} Qc8 {[%emt 0:00:15]} 16. Nb6 { [%emt
0:00:09]} Qc3+ {[%emt 0:00:07]} 17. Ke2 {[%emt 0:00:06]} Ra7 {[%emt 0:00:03]}
18. Qxd6+ {[%emt 0:00:05]} Re7+ {[%emt 0:00:02]} 19. Qxe7+ {[%emt 0:00:34] }
Kxe7 {[%emt 0:00:04]} 20. Nd5+ {[%emt 0:00:01]} Kd6 {[%emt 0:00:04]} 21. Nxc3
{[%emt 0:00:02]} Re8+ {[%emt 0:00:02]} 22. Kf3 {[%emt 0:00:07]} Nxf5 {[%emt
0:00:02]} 23. Bh3 {[%emt 0:00:05]} Nd4+ {[%emt 0:00:03]} 24. Kg2 {[%emt
0:00:03]} Nbc6 {[%emt 0:00:09]} 25. Rad1 {[%emt 0:00:04]} Kc7 {[%emt 0:00:04]}
26. Nd5+ { [%emt 0:00:05]} Kd6 {[%emt 0:00:02]} 27. Nb6 {[%emt 0:00:01]} Kc7
{[%emt 0:00:03]} 28. Bd7 {[%emt 0:00:08]} Rd8 {[%emt 0:00:17]} 29. Bxc6 {[%emt
0:00:05]} Kxc6 {[%emt 0:00:06]} 30. c3 {[%emt 0:00:02]} Kxb6 {[%emt 0:00:04]}
31. cxd4 { [%emt 0:00:01]} a5 {[%emt 0:00:05]} 32. bxa5+ {[%emt 0:00:02]} Kxa5
{[%emt 0:00:00]} 33. Rhe1 {[%emt 0:00:03]} Kb4 {[%emt 0:00:01]} 34. d5 {[%emt
0:00:02]} Ka3 {[%emt 0:00:02]} 35. d6 {[%emt 0:00:02]} Kxa2 {[%emt 0:00:01]}
36. d7 { [%emt 0:00:01]} Ra8 {[%emt 0:00:11]} 37. d8=Q {[%emt 0:00:03]} Ra3
{[%emt 0:00:01]} 38. Re2+ {[%emt 0:00:04]} Kb3 {[%emt 0:00:02]} 39. Qd3+ {[%emt
0:00:01]} Ka4 {[%emt 0:00:01]} 40. Re4+ {[%emt 0:00:03]} Ka5 {[%emt 0:00:05]}
41. Qxa3+ { [%emt 0:00:02]} Kb6 {[%emt 0:00:00]} 42. Rc1 {[%emt 0:00:02]} Kb7
{[%emt 0:00:02]} 43. Rb4 {[%emt 0:00:03]} Kb6 {[%emt 0:00:07]} 44. Rb2 {[%emt
0:00:05]} Kb7 {[%emt 0:00:06]} 45. Rxb5# {[%emt 0:00:02]} 1-0